000 01348cam a2200349 a 4500
999 _c3457
_d3457
001 425390
003 CaAEU
005 20211116062201.0
008 821025s1981 no a b 1 0 eng d
015 _aNLM82007784
020 _a8299073804
035 _aocm08453758
040 _aDNLM
_beng
_cDNLM
049 _abvau
050 4 _aRC 86.7
_bS12 1981
060 0 _aWO 250 S128c 1981
090 0 0 _aRC 86.7 S12 1981
_bAEU
100 1 _aSafar, Peter,
_d1924-
245 1 0 _aCardiopulmonary cerebral resuscitation /
_cby Peter Safar ; prepared for the World Federation of Societies of Anaesthesiologists.
260 _aStavanger, Norway :
_bAsmund S. Laerdal ;
_aPhiladelphia :
_bSaunders [distributor],
_cc1981.
300 _a240 p. :
_bill. ;
_c21 cm.
336 _atext
_btxt
_2rdacontent
337 _aunmediated
_bn
_2rdamedia
338 _avolume
_bnc
_2rdacarrier
500 _a"A color slide set of illustrations in this book is available from the distributors."
500 _aIncludes index.
504 _aBibliography: p. 220-230.
583 1 _acommitted to retain
_c20170930
_d20421231
_fHathiTrust
_uhttps://www.hathitrust.org/shared_print_program
_5AEU
_zHathiTrust Shared Print commitment 2017
650 0 _aResuscitation
_vHandbooks, manuals, etc.
710 2 _aWorld Federation of Societies of Anaesthesiologists.
942 _2lcc
_cBK